000 01164nam a22003497a 4500
003 CHAP
005 20250925062746.0
008 971013s1958 r 00010 d
010 _a37883
011 _a38855
035 _a42975
040 _cCHAP
090 _aFolleto 3488
100 0 0 _aQuinn, L. R.
_993337
245 _aOstilbestrol e seu efeito em novilhos zebu alimentados em pastos
260 _aNew York :
_bIBEC Research Institute,
_c1958
300 _a24 p.
_b: ilus.
490 _aIBEC Research Institute. Bulletin
_v; 15
590 _aBATCH-UPD
_b10
_c20130110
_lUCH01
_h0109
590 _aBATCH-UPD
_b10
_c20130110
_lUCH01
_h1934
590 _aBATCH-UPD
_b10
_c20130409
_lUCH01
_h2100
590 _aBATCH-UPD
_b10
_c20130410
_lUCH01
_h1258
590 _aBATCH-UPD
_b10
_c20130914
_lUCH01
_h1202
590 _aCONVERSION
_b10
_c20130109
_lUCH01
_h1321
650 1 4 _aDietilestilbestrol en nutrición animal.
_932544
650 1 7 _aGanado cebú
_2
_945056
650 1 4 _aGanado de carne
_xEngorda.
_945081
830 0 _aIBEC Research Institute. Bulletin
_v; 15
901 _aBK
942 _cFOLL
949 _aFolleto 3488
_bBC
_cFOLL
_d-98754
_eTS1
_i42975
_mD
_si
999 _c37883
_d37883